Normal view
MARC view
- Ahmed, Sameeta
Entry Personal Name
001 - CONTROL NUMBER
- control field: 121558
003 - CONTROL NUMBER IDENTIFIER
- control field: NUST
005 - DATE AND TIME OF LATEST TRANSACTION
- control field: 20240227154948.0
008 - FIXED-LENGTH DATA ELEMENTS
- fixed length control field: 240227|| aca||aabn | a|a d
040 ## - CATALOGING SOURCE
- Original cataloging agency: NUST
- Transcribing agency: NUST
100 ## - HEADING--PERSONAL NAME
- Personal name: Ahmed, Sameeta
670 ## - SOURCE DATA FOUND
- Source citation: Work cat.: (NUST)0: Cherishing poetry in wood & stone :
